| 000 | 00726cam a2200265 4500500 | ||
|---|---|---|---|
| 005 | 20260329004830.0 | ||
| 041 | _afre | ||
| 042 | _adc | ||
| 100 | 1 | 0 |
_aFereday, Jack _eauthor |
| 245 | 0 | 0 | _aCroire aux extraterrestres, Un pari pascALIEN ? |
| 260 | _c2021. | ||
| 500 | _a94 | ||
| 690 | _aAstrophysique | ||
| 690 | _aCosmos | ||
| 690 | _aCroyance | ||
| 690 | _aEspace | ||
| 690 | _aExtraterrestres | ||
| 690 | _aJack Fereday | ||
| 690 | _aOvni | ||
| 690 | _aPari | ||
| 690 | _aPascal | ||
| 690 | _aScience | ||
| 786 | 0 | _nPhilosophie magazine | 150 | 6 | 2021-06-01 | p. 29-30 | 1951-1787 | |
| 856 | 4 | 1 | _uhttps://shs.cairn.info/magazine-philosophie-magazine-2021-6-page-29?lang=fr&redirect-ssocas=7080 |
| 999 |
_c1837757 _d1837757 |
||